[Event "II Open A Primavera"]
[Site "Como ITA"]
[Date "2006.04.28"]
[Round "2"]
[White "Fogli, Antonio"]
[Black "Cervini, Gian Piero"]
[Result "0-1"]
[WhiteElo "1580"]
[BlackElo "1831"]
[PlyCount "68"]
[EventDate "2006.04.21"]

1. c4 Nf6 2. Nc3 e5 3. g3 d5 4. cxd5 Nxd5 5. Bg2 Be6 6. Nf3 Nc6 7. O-O Be7 8.
a3 O-O 9. Qc2 Bf6 10. Ne4 Be7 11. d3 h6 12. b4 a6 13. Bb2 f6 14. Nfd2 Nd4 15.
Bxd4 exd4 16. Nc5 Bxc5 17. Qxc5 Nc3 18. Kh1 b6 19. Qh5 Rc8 20. Nf3 Bf7 21. Qg4
c5 22. Nh4 h5 23. Qf5 Re8 24. Rfe1 Re5 25. Qh3 Be6 26. g4 hxg4 27. Qg3 Nxe2 28.
Rxe2 Rxe2 29. Be4 Qc7 30. Qxc7 Rxc7 31. Rc1 Rxf2 32. Kg1 Ra2 33. bxc5 Rxc5 34.
Rb1 b5 0-1

[Event "II Open A Primavera"]
[Site "Como ITA"]
[Date "2006.04.28"]
[Round "2"]
[White "Giaracuni, Claudio"]
[Black "Petetta, Roberto"]
[Result "1/2-1/2"]
[WhiteElo "1613"]
[BlackElo "1718"]
[PlyCount "78"]
[EventDate "2006.04.21"]

1. e4 c5 2. Nf3 Nc6 3. d4 cxd4 4. Nxd4 Nf6 5. Nc3 g6 6. Be3 Bg7 7. Be2 d6 8.
O-O O-O 9. Kh1 Bd7 10. f4 Rc8 11. f5 Ne5 12. Qd2 Nc4 13. Bxc4 Rxc4 14. Rad1 Qa5
15. a3 Rxc3 16. Qxc3 Qxc3 17. bxc3 Nxe4 18. fxg6 hxg6 19. c4 Rc8 20. Rf4 f5 21.
g4 e5 22. Rxe4 fxe4 23. Nb5 Rxc4 24. Nxd6 Bxg4 25. Nxc4 Bxd1 26. Bxa7 Bxc2 27.
Bb8 b5 28. Nxe5 Bxe5 29. Bxe5 Kf7 30. Kg2 Ke6 31. Bb8 Kd5 32. Kf2 Kd4 33. Ke2
Bd3+ 34. Ke1 Ke3 35. Bd6 Kf3 36. Be5 g5 37. Bf6 g4 38. Be5 Bc2 39. Bd6 Kg2
1/2-1/2

[Event "II Open A Primavera"]
[Site "Como ITA"]
[Date "2006.04.28"]
[Round "2"]
[White "Liscio, Giovanni"]
[Black "Curioni, Franco"]
[Result "0-1"]
[WhiteElo "2009"]
[BlackElo "1658"]
[PlyCount "80"]
[EventDate "2006.04.21"]

1. d4 d5 2. Nf3 Nf6 3. e3 a6 4. c4 e6 5. Nc3 Be7 6. b3 Nc6 7. Bb2 O-O 8. Be2 b6
9. O-O dxc4 10. bxc4 Bd6 11. e4 e5 12. d5 Na5 13. Qc2 Bg4 14. Nd1 Qe7 15. Ne3
c6 16. Rac1 Rac8 17. Qd3 Nb7 18. h3 Nc5 19. Qb1 Bd7 20. Nd2 Rfd8 21. Bf3 Na4
22. Ba1 Bc7 23. Nb3 Bd6 24. Qd3 Ba3 25. Rc2 Nc5 26. Nxc5 Bxc5 27. Re1 Ne8 28.
dxc6 Rxc6 29. Nd5 Qg5 30. Kf1 Rd6 31. h4 Qxh4 32. Bxe5 Ba4 33. Rb2 Re6 34. Bg3
Qh1+ 35. Ke2 Qh6 36. Bg4 Rc6 37. Bh3 b5 38. Kf1 Nf6 39. Kg1 bxc4 40. Qxc4 Bxf2+
0-1

[Event "II Open A Primavera"]
[Site "Como ITA"]
[Date "2006.04.28"]
[Round "2"]
[White "Luppi, Dario"]
[Black "Canali, Marco"]
[Result "1/2-1/2"]
[WhiteElo "1733"]
[BlackElo "1817"]
[PlyCount "57"]
[EventDate "2006.04.21"]

1. d4 c5 2. d5 Nf6 3. c4 Ne4 4. Qc2 Qa5+ 5. Nd2 Nf6 6. e4 Qc7 7. Ngf3 d6 8. h3
g6 9. b3 Bg7 10. Bb2 O-O 11. Be2 Nh5 12. Bxg7 Kxg7 13. Qc3+ Kg8 14. Nh2 Nf4 15.
Ng4 f6 16. g3 Nxe2 17. Kxe2 Bxg4+ 18. hxg4 Qc8 19. f3 Na6 20. Rh6 Rf7 21. Rah1
Rg7 22. Nf1 Nc7 23. Ne3 b5 24. Ng2 bxc4 25. bxc4 e5 26. Nh4 Qd7 27. Qc1 Qa4 28.
a3 Re8 29. Rh2 1/2-1/2

[Event "II Open A Primavera"]
[Site "Como ITA"]
[Date "2006.04.28"]
[Round "2"]
[White "Nika, Isak"]
[Black "Grassetto, Gilberto"]
[Result "1-0"]
[WhiteElo "1494"]
[BlackElo "1760"]
[PlyCount "68"]
[EventDate "2006.04.21"]

1. e4 c5 2. d3 d6 3. g3 Nf6 4. Bg2 e6 5. Nf3 Nbd7 6. O-O Qc7 7. Nc3 a6 8. Be3
Be7 9. Qd2 Rb8 10. d4 cxd4 11. Nxd4 O-O 12. f4 Ng4 13. Bh3 Nxe3 14. Qxe3 b5 15.
f5 b4 16. fxe6 bxc3 17. exd7 Bxd7 18. Bxd7 cxb2 19. Rad1 Qxd7 20. Nf5 Bd8 21.
Qf4 Qa4 22. Qxd6 Bb6+ 23. Kg2 Qxe4+ 24. Kh3 Qxc2 25. Qe5 f6 26. Qe6+ Kh8 27.
Qe7 Rg8 28. Nd6 h6 29. Rxf6 Kh7 30. Nf5 Be3 31. Qxe3 Qxf5+ 32. Rxf5 b1=Q 33.
Rxb1 Rxb1 34. Qd3 Rbb8 1-0

[Event "II Open A Primavera"]
[Site "Como ITA"]
[Date "2006.04.28"]
[Round "2"]
[White "Rossi, Silio"]
[Black "Corti, Filippo"]
[Result "1/2-1/2"]
[WhiteElo "1592"]
[BlackElo "1637"]
[PlyCount "97"]
[EventDate "2006.04.21"]

1. b3 Nf6 2. Bb2 d5 3. Nf3 c5 4. e3 Nc6 5. Bb5 a6 6. Bxc6+ bxc6 7. h3 Qb6 8.
O-O Bf5 9. Nc3 e6 10. Na4 Qb7 11. Be5 Be7 12. Nh4 Bg6 13. d3 Bh5 14. Qe1 Nd7
15. Bh2 g5 16. Nf3 Bxf3 17. gxf3 Bf6 18. Rb1 Qb5 19. c4 Qb4 20. Qxb4 cxb4 21.
Bd6 Be7 22. Bxe7 Kxe7 23. Kg2 h5 24. cxd5 cxd5 25. Rfc1 Rhc8 26. d4 f5 27. Kg3
Kd6 28. f4 g4 29. hxg4 hxg4 30. Kg2 a5 31. Ra1 Rab8 32. Kf1 Rh8 33. Kg2 Rbc8
34. Kg3 Rh3+ 35. Kg2 Rch8 36. Rh1 Rxh1 37. Rxh1 Rc8 38. Ra1 Rc2 39. Kg3 Kc6 40.
Kg2 Nf6 41. Nc5 Ne4 42. Nxe4 dxe4 43. Kg3 Kb5 44. a4+ bxa3 45. Rxa3 Kb4 46.
Ra4+ Kb5 47. Ra3 Rc3 48. Kg2 Kb4 49. Ra4+ 1/2-1/2

[Event "II Open A Primavera"]
[Site "Como ITA"]
[Date "2006.04.28"]
[Round "2"]
[White "Trifoni, Giorgio"]
[Black "Napoli, Ferdinando"]
[Result "0-1"]
[WhiteElo "1673"]
[BlackElo "1850"]
[PlyCount "110"]
[EventDate "2006.04.21"]

1. Nf3 Nf6 2. c4 g6 3. d4 Bg7 4. e3 d6 5. b4 O-O 6. Bb2 Nbd7 7. Nbd2 Re8 8. a4
e5 9. dxe5 Ng4 10. Qc2 Ndxe5 11. h3 Nxf3+ 12. Nxf3 Bf5 13. Qd2 Ne5 14. Nxe5
Bxe5 15. Bxe5 Rxe5 16. Bd3 Qf6 17. Bxf5 Rxf5 18. O-O Re8 19. Rad1 Re4 20. Qe2
Qc3 21. c5 d5 22. Rb1 Rxb4 23. Rxb4 Qxb4 24. Qb5 a5 25. Rb1 Qd2 26. Rb2 Qe1+
27. Qf1 Qc3 28. Rxb7 Qxc5 29. Qa1 f6 30. Rb5 Qc2 31. Rb2 Qe4 32. Rb5 Qh4 33.
Qa2 Qc4 34. Qxc4 dxc4 35. Rxf5 gxf5 36. Kf1 Kf7 37. Ke2 Ke6 38. Kd2 Kd5 39. Kc3
Kc5 40. f3 h6 41. g4 fxg4 42. hxg4 Kd5 43. e4+ Kc5 44. f4 c6 45. e5 fxe5 46. g5
hxg5 47. fxg5 Kd5 48. g6 Ke6 49. Kxc4 Kf6 50. Kc5 Kxg6 51. Kxc6 e4 52. Kb6 e3
53. Kxa5 e2 54. Kb6 e1=Q 55. a5 Qb4+ 0-1

[Event "II Open A Primavera"]
[Site "Como ITA"]
[Date "2006.05.05"]
[Round "3"]
[White "Canali, Marco"]
[Black "Emoroso, Claudio"]
[Result "1-0"]
[WhiteElo "1817"]
[BlackElo "1832"]
[PlyCount "89"]
[EventDate "2006.04.21"]

1. e4 e5 2. Nc3 Nc6 3. Bc4 d6 4. d3 Nf6 5. f4 Bg4 6. Nf3 Nd4 7. fxe5 Bxf3 8.
gxf3 dxe5 9. Be3 Bc5 10. Bxd4 Bxd4 11. Qd2 c6 12. Ne2 b5 13. Nxd4 Qxd4 14. c3
Qd6 15. Bb3 a5 16. Rg1 g6 17. O-O-O a4 18. Bc2 c5 19. f4 Nh5 20. fxe5 Qxe5 21.
Rg5 Qc7 22. d4 cxd4 23. Qxd4 O-O 24. Rxh5 Rad8 25. Rd5 Rxd5 26. Qxd5 Qxh2 27.
Qxb5 a3 28. b3 Qf4+ 29. Kb1 Qf6 30. e5 Qf3 31. Qd3 Qc6 32. Qh3 Kg7 33. Rd6 Qc5
34. Qd3 Qxe5 35. Qd4 Re8 36. c4 Qxd4 37. Rxd4 Re2 38. c5 Re1+ 39. Bd1 Re5 40.
c6 Rc5 41. Rc4 Rd5 42. Bf3 Rd8 43. c7 Rc8 44. b4 f5 45. b5 1-0

[Event "II Open A Primavera"]
[Site "Como ITA"]
[Date "2006.05.05"]
[Round "3"]
[White "Cervini, Gian Piero"]
[Black "Curioni, Franco"]
[Result "0-1"]
[WhiteElo "1831"]
[BlackElo "1658"]
[PlyCount "76"]
[EventDate "2006.04.21"]

1. e4 c5 2. c3 Nf6 3. e5 Nd5 4. Nf3 Nc6 5. d4 cxd4 6. cxd4 d6 7. Bc4 Nb6 8. Bb3
dxe5 9. dxe5 Qxd1+ 10. Bxd1 g6 11. O-O Bg7 12. Bf4 Nc4 13. Ba4 Nxb2 14. Bxc6+
bxc6 15. Nbd2 Nd3 16. Bg3 O-O 17. Rfd1 Ba6 18. Nb3 c5 19. Nc1 Rfd8 20. Nxd3
Rxd3 21. Rxd3 Bxd3 22. Rd1 c4 23. Ne1 Bf5 24. f4 Rc8 25. Bf2 f6 26. Bd4 Rd8 27.
Nf3 fxe5 28. fxe5 Bg4 29. Rc1 Bxf3 30. Rxc4 Be2 31. Rb4 a5 32. Ra4 Rd5 33. Kf2
Bd1 34. Rc4 Bxe5 35. Be3 Bxh2 36. g3 Rf5+ 37. Kg2 Bxg3 38. Kxg3 Rf3+ 0-1

[Event "II Open A Primavera"]
[Site "Como ITA"]
[Date "2006.05.05"]
[Round "3"]
[White "Corti, Filippo"]
[Black "Lotti, Riccardo"]
[Result "1-0"]
[WhiteElo "1637"]
[BlackElo "1395"]
[PlyCount "85"]
[EventDate "2006.04.21"]

1. Nf3 Nf6 2. g3 g6 3. Bg2 Bg7 4. O-O O-O 5. d4 d5 6. c4 c6 7. cxd5 Nxd5 8. Nc3
Re8 9. Qb3 Nb6 10. Ng5 e6 11. Nf3 a5 12. Bg5 Bf6 13. Bxf6 Qxf6 14. Qxb6 Qe7 15.
Qc5 Qc7 16. Qe5 Qb6 17. Ne4 Re7 18. Nf6+ Kf8 19. Nxh7+ Kg8 20. Nf6+ Kf8 21. Ng5
Qb4 22. Ngh7+ Kg7 23. Nd5+ Kxh7 24. Nxb4 axb4 25. Qf6 Rc7 26. Be4 Kg8 27. Qd8+
Kg7 28. Qxc7 Nd7 29. Qf4 Nf6 30. g4 Nd5 31. Bxd5 cxd5 32. Rfc1 b5 33. Rc7 b3
34. Qxf7+ Kh6 35. Qf8+ Kg5 36. Rxc8 Rxa2 37. Rxa2 bxa2 38. Ra8 Kxg4 39. Rxa2
Kg5 40. f4+ Kg4 41. Ra3 Kh5 42. Rg3 b4 43. Qh8# 1-0

[Event "II Open A Primavera"]
[Site "Como ITA"]
[Date "2006.05.05"]
[Round "3"]
[White "Ghelfi, Giancarlo"]
[Black "Trifoni, Giorgio"]
[Result "0-1"]
[WhiteElo "1622"]
[BlackElo "1673"]
[PlyCount "70"]
[EventDate "2006.04.21"]

1. e4 c5 2. Nf3 e6 3. d4 cxd4 4. Nxd4 Nc6 5. Nc3 Nf6 6. Nxc6 bxc6 7. e5 Nd5 8.
Nxd5 cxd5 9. Bd3 Qa5+ 10. Bd2 Qc7 11. Qe2 d6 12. Bf4 Qb6 13. Bb5+ Bd7 14. Bxd7+
Kxd7 15. c3 Rb8 16. b4 a5 17. Rb1 d4 18. O-O d5 19. bxa5 Qxb1 20. Qa6 dxc3 21.
h3 Qb5 22. Qa7+ Qb7 23. Qd4 c2 24. Qa4+ Qc6 25. Qd4 Rb1 26. Qa7+ Qc7 27. Qe3
Bc5 28. Qd2 Bb4 29. Qd3 Bxa5 30. Rxb1 cxb1=Q+ 31. Qxb1 Rb8 32. Qxh7 Qc4 33. g3
Qe4 34. Qxg7 Rb1+ 35. Kh2 Qh1# 0-1

[Event "II Open A Primavera"]
[Site "Como ITA"]
[Date "2006.05.05"]
[Round "3"]
[White "Grassetto, Gilberto"]
[Black "Fogli, Antonio"]
[Result "1-0"]
[WhiteElo "1760"]
[BlackElo "1580"]
[PlyCount "63"]
[EventDate "2006.04.21"]

1. d4 f5 2. c4 Nf6 3. Nc3 e6 4. g3 Be7 5. Bg2 O-O 6. Nh3 d5 7. cxd5 exd5 8. O-O
c6 9. f3 h6 10. Nf2 Qb6 11. e3 Be6 12. Nd3 Nbd7 13. Qc2 g5 14. Bd2 Bd6 15. Rae1
Rae8 16. a3 Qc7 17. e4 fxe4 18. fxe4 Bxg3 19. hxg3 Qxg3 20. Re3 Qg4 21. Nf2 Qh4
22. e5 Ne4 23. Ncxe4 dxe4 24. Qxe4 Qh5 25. Qd3 Nb6 26. b3 Kg7 27. Ne4 Rxf1+ 28.
Qxf1 Rf8 29. Nf6 Qg6 30. Qd3 Rxf6 31. exf6+ Qxf6 32. d5 1-0

[Event "II Open A Primavera"]
[Site "Como ITA"]
[Date "2006.05.05"]
[Round "3"]
[White "Luppi, Dario"]
[Black "Giaracuni, Claudio"]
[Result "1/2-1/2"]
[WhiteElo "1733"]
[BlackElo "1613"]
[PlyCount "53"]
[EventDate "2006.04.21"]

1. d4 d5 2. Bf4 e6 3. Nf3 Nf6 4. e3 Nbd7 5. Nbd2 Be7 6. Bd3 O-O 7. c3 c6 8. h3
Re8 9. Ne5 Nf8 10. g4 Ng6 11. Bg3 Bd6 12. f4 Qc7 13. g5 Nd7 14. Qh5 c5 15. O-O
c4 16. Bc2 Rf8 17. Ndf3 Bxe5 18. fxe5 f5 19. Nh4 Nxh4 20. Bxh4 g6 21. Qe2 Qd8
22. e4 fxe4 23. Rxf8+ Qxf8 24. Rf1 Qe7 25. Rf4 Nb6 26. Qf1 Bd7 27. Rf6 1/2-1/2

[Event "II Open A Primavera"]
[Site "Como ITA"]
[Date "2006.05.05"]
[Round "3"]
[White "Napoli, Ferdinando"]
[Black "Nika, Isak"]
[Result "0-1"]
[WhiteElo "1850"]
[BlackElo "1494"]
[PlyCount "66"]
[EventDate "2006.04.21"]

1. e4 e5 2. Nf3 Nc6 3. Bb5 Bd6 4. c3 a6 5. Ba4 b5 6. Bc2 Bb7 7. O-O Nge7 8. Re1
Ng6 9. d4 f6 10. Nbd2 Nce7 11. Nf1 O-O 12. Ng3 exd4 13. cxd4 Bxg3 14. hxg3 d6
15. Bb3+ Kh8 16. Be6 Bc8 17. Bxc8 Rxc8 18. d5 c5 19. dxc6 Nxc6 20. Nd4 Nxd4 21.
Qxd4 Re8 22. b3 Qc7 23. Ba3 Rcd8 24. Red1 Qb7 25. f3 d5 26. exd5 Re5 27. d6 a5
28. Bc5 Nf8 29. Bb6 Ne6 30. Qf2 Rb8 31. Rac1 Kg8 32. Bxa5 b4 33. d7 Rxa5 0-1

[Event "II Open A Primavera"]
[Site "Como ITA"]
[Date "2006.05.05"]
[Round "3"]
[White "Petetta, Roberto"]
[Black "Rossi, Silio"]
[Result "1/2-1/2"]
[WhiteElo "1718"]
[BlackElo "1592"]
[PlyCount "147"]
[EventDate "2006.04.21"]

1. e4 c5 2. Nf3 Nc6 3. d4 cxd4 4. Nxd4 Qb6 5. Nb3 e6 6. Be3 Qb4+ 7. Nc3 b6 8.
Be2 Nf6 9. f3 Be7 10. O-O O-O 11. Nb5 Bd8 12. Qd6 Qxd6 13. Nxd6 Be7 14. Rfd1
Nb4 15. Bf2 Nxc2 16. Rac1 Nb4 17. a3 Nc6 18. Bb5 Bxd6 19. Rxd6 Ne8 20. Rd2 Nf6
21. Bxc6 dxc6 22. Rxc6 Bd7 23. Rcd6 Ba4 24. Nc1 Rfc8 25. Ne2 Bb5 26. Nc3 Be8
27. g4 Kf8 28. e5 Ng8 29. Ne4 h6 30. Bd4 Bc6 31. Kf2 Bxe4 32. fxe4 Ne7 33. Bc3
Ng6 34. Kg3 Kg8 35. Rd7 Nf8 36. Re7 Rc4 37. Kf3 Rc5 38. Rb7 Ng6 39. Rdd7 Rxc3+
40. bxc3 Nxe5+ 41. Ke3 Nxd7 42. Rxd7 e5 43. h4 f6 44. a4 Kh7 45. c4 a5 46. Rb7
Rc8 47. Kd3 Rd8+ 48. Ke3 Rd4 49. Rc7 Kg8 50. Rc6 Kh7 51. Rc8 Kg6 52. Rc6 Kh7
53. g5 Kg6 54. gxf6 gxf6 55. Kf3 h5 56. Rc7 Rd3+ 57. Kg2 Re3 58. c5 bxc5 59.
Rxc5 Rxe4 60. Rxa5 Rxh4 61. Ra8 Rg4+ 62. Kh3 Kf5 63. a5 Ra4 64. a6 e4 65. Kh4
e3+ 66. Kxh5 e2 67. Re8 Re4 68. Rxe4 Kxe4 69. a7 Kf4 70. a8=Q e1=Q 71. Kg6 Qe5
72. Qa4+ Ke3 73. Qg4 Kd2 74. Qf5 1/2-1/2

[Event "II Open A Primavera"]
[Site "Como ITA"]
[Date "2006.05.05"]
[Round "3"]
[White "Raineri, Pieroberto"]
[Black "Liscio, Giovanni"]
[Result "0-1"]
[WhiteElo "1583"]
[BlackElo "2009"]
[PlyCount "52"]
[EventDate "2006.04.21"]

1. c4 g6 2. Nf3 Bg7 3. d4 Nf6 4. Nc3 d6 5. e4 O-O 6. Be2 a6 7. O-O c5 8. h3
Nbd7 9. d5 Rb8 10. Bf4 b5 11. cxb5 axb5 12. Bxb5 Nxe4 13. Nxe4 Rxb5 14. b3 Nb6
15. a4 Rb4 16. Re1 f5 17. Nxc5 Rxf4 18. Ne6 Bxe6 19. Rxe6 Bxa1 20. Qxa1 Nxd5
21. Qe1 Qb6 22. Rxg6+ hxg6 23. Qe6+ Kg7 24. Qxd5 Qc5 25. Qb7 Re4 26. a5 Qxa5
0-1

[Event "II Open A Primavera"]
[Site "Como ITA"]
[Date "2006.05.12"]
[Round "4"]
[White "Calabrese, Salvatore"]
[Black "Ghelfi, Giancarlo"]
[Result "0-1"]
[WhiteElo "1419"]
[BlackElo "1622"]
[PlyCount "114"]
[EventDate "2006.04.21"]

1. e4 c5 2. Nc3 Nc6 3. Nf3 d6 4. Bb5 Bd7 5. d3 Nf6 6. Bd2 e6 7. O-O Be7 8. Re1
O-O 9. Bg5 a6 10. Ba4 b5 11. Bb3 h6 12. Bf4 e5 13. Bg3 Na5 14. Bd5 Nxd5 15.
Nxd5 Nc6 16. Nxe7+ Qxe7 17. Bh4 Qe8 18. Nd2 Qc8 19. b3 a5 20. c3 b4 21. c4 Nd4
22. h3 f5 23. Nf3 f4 24. Nxd4 cxd4 25. Qh5 f3 26. Be7 Be8 27. Qg4 Qxg4 28. hxg4
Rf4 29. Bxd6 Rxg4 30. Bxe5 Rxg2+ 31. Kf1 Bd7 32. Rec1 Bh3 33. Bxd4 Rd8 34. Bb6
Rg6+ 35. Ke1 Rxb6 36. Kd2 Rbd6 37. Ke3 Rxd3+ 38. Kf4 g5+ 39. Kg3 Be6 40. Rh1
Kg7 41. Rh2 Kg6 42. c5 Rc3 43. a4 h5 44. Rhh1 g4 45. Kh4 Rxc5 46. Rad1 Rf8 47.
Rd6 Rf6 48. Rg1 Bxb3 49. Rxf6+ Kxf6 50. Kg3 Bxa4 51. Kf4 Bc2 52. Rc1 b3 53. Ke3
Ke5 54. Rxc2 bxc2 55. Kd3 a4 56. Ke3 c1=Q+ 57. Kd3 Qc3# 0-1

[Event "II Open A Primavera"]
[Site "Como ITA"]
[Date "2006.05.12"]
[Round "4"]
[White "Canali, Marco"]
[Black "Napoli, Ferdinando"]
[Result "1-0"]
[WhiteElo "1817"]
[BlackElo "1850"]
[PlyCount "30"]
[EventDate "2006.04.21"]

1. e4 c5 2. Nf3 d6 3. Bb5+ Bd7 4. Bxd7+ Qxd7 5. O-O Nf6 6. Qe2 Nc6 7. c3 g6 8.
d4 cxd4 9. cxd4 Bg7 10. Rd1 O-O 11. Nc3 a6 12. h3 e6 13. Bg5 d5 14. e5 Ne8 15.
Na4 Nxe5 1-0

[Event "II Open A Primavera"]
[Site "Como ITA"]
[Date "2006.05.12"]
[Round "4"]
[White "Cimatti, Stefano"]
[Black "Lotti, Riccardo"]
[Result "1/2-1/2"]
[WhiteElo "1398"]
[BlackElo "1395"]
[PlyCount "117"]
[EventDate "2006.04.21"]

1. c4 e5 2. Nc3 Nc6 3. e3 Nf6 4. g3 Bb4 5. a3 Bxc3 6. bxc3 e4 7. Bg2 Ne5 8. c5
Nd3+ 9. Kf1 Nxc5 10. Qc2 d6 11. Bb2 Be6 12. c4 b6 13. Ne2 Bd7 14. Nc3 Bc6 15.
Rb1 O-O 16. Rg1 Re8 17. Bh1 Bb7 18. Kg2 Qd7 19. Rgf1 Ba6 20. Ne2 Qg4 21. Nf4
Bb7 22. Bxf6 gxf6 23. Kg1 Qd7 24. Bg2 Qa4 25. Qc3 f5 26. Rb4 Qa5 27. Rfb1 Nd7
28. Rb5 Qxc3 29. dxc3 Ba6 30. Rxf5 Nc5 31. Nd5 Re5 32. Rxe5 dxe5 33. Nxc7 Rc8
34. Nxa6 Nxa6 35. Bxe4 Nc5 36. Bd5 Nd7 37. Rf1 Nf6 38. Bb7 Rxc4 39. Rc1 Ne4 40.
Bxe4 Rxe4 41. Re1 b5 42. f3 Ra4 43. Ra1 Rc4 44. Rc1 a5 45. h4 b4 46. axb4 axb4
47. Kf1 Rxc3 48. Rxc3 bxc3 49. Ke1 f5 50. Kd1 Kf7 51. Kc2 Ke6 52. Kxc3 e4 53.
fxe4 fxe4 54. Kd4 Kf5 55. h5 h6 56. Kd5 Kg5 57. Kxe4 Kg4 58. Ke5 Kxh5 59. Kf5
1/2-1/2

[Event "II Open A Primavera"]
[Site "Como ITA"]
[Date "2006.05.12"]
[Round "4"]
[White "Curioni, Franco"]
[Black "Nika, Isak"]
[Result "1-0"]
[WhiteElo "1658"]
[BlackElo "1494"]
[PlyCount "39"]
[EventDate "2006.04.21"]

1. e4 e5 2. Nc3 Nf6 3. f4 exf4 4. e5 Ng8 5. Nf3 Ne7 6. d4 Ng6 7. Bd3 Bb4 8.
Bxg6 Bxc3+ 9. bxc3 fxg6 10. Bxf4 O-O 11. Bg5 Qe8 12. O-O b6 13. d5 Rf5 14. Qd4
Qf8 15. Nh4 Rxf1+ 16. Rxf1 Qc5 17. Qxc5 bxc5 18. Be7 h6 19. Rf8+ Kh7 20. Rxc8
1-0

[Event "II Open A Primavera"]
[Site "Como ITA"]
[Date "2006.05.12"]
[Round "4"]
[White "Fogli, Antonio"]
[Black "Petetta, Roberto"]
[Result "1-0"]
[WhiteElo "1580"]
[BlackElo "1718"]
[PlyCount "89"]
[EventDate "2006.04.21"]

1. Nf3 Nf6 2. b3 e6 3. Bb2 Be7 4. d3 d5 5. e3 O-O 6. Be2 c5 7. O-O b6 8. Nbd2
Bb7 9. Ne5 Nc6 10. Nxc6 Bxc6 11. f4 Qc7 12. Nf3 Rad8 13. Ne5 Ba8 14. Qe1 Qb7
15. Qg3 Ne8 16. Ng4 f5 17. Nf2 Bf6 18. Bxf6 Rxf6 19. Qh4 Nd6 20. g4 Rdf8 21. g5
R6f7 22. Bf3 g6 23. Qg3 Rg7 24. h4 Re8 25. Kg2 Nf7 26. c4 Qd7 27. Rad1 d4 28.
e4 e5 29. exf5 Bxf3+ 30. Qxf3 gxf5 31. Rfe1 exf4 32. Qxf4 Rf8 33. Re2 h6 34.
Nh3 hxg5 35. Nxg5 Nxg5 36. hxg5 Qd8 37. Rde1 Rxg5+ 38. Kf1 Rg4 39. Qh6 Qf6 40.
Qh1 Kg7 41. Rh2 Qg6 42. Rh7+ Kg8 43. Rh8+ Kf7 44. Qb7+ Kf6 45. Qe7# 1-0

[Event "II Open A Primavera"]
[Site "Como ITA"]
[Date "2006.05.12"]
[Round "4"]
[White "Giaracuni, Claudio"]
[Black "Boffi, Luigi"]
[Result "0-1"]
[WhiteElo "1613"]
[BlackElo "1623"]
[PlyCount "64"]
[EventDate "2006.04.21"]

1. e4 g6 2. d4 d6 3. Nc3 Bg7 4. Be3 e6 5. Be2 Ne7 6. f4 O-O 7. Nf3 c6 8. O-O
Nd7 9. Qd2 b5 10. b4 Bb7 11. a4 a6 12. Bd3 bxa4 13. Rxa4 Qc7 14. Rfa1 c5 15.
bxc5 dxc5 16. Bxa6 Bxa6 17. Rxa6 Rxa6 18. Rxa6 cxd4 19. Bxd4 Bxd4+ 20. Qxd4 Nc6
21. Qc4 Ndb8 22. Ra8 Qxf4 23. Nb5 Qe3+ 24. Kf1 Rd8 25. Qe2 Qc1+ 26. Kf2 Qf4 27.
g3 Qc1 28. Nbd4 Nxd4 29. Nxd4 Qb2 30. Qc4 Qb7 31. Ke3 Qxa8 32. Nxe6 Qa7+ 0-1

[Event "II Open A Primavera"]
[Site "Como ITA"]
[Date "2006.05.12"]
[Round "4"]
[White "Liscio, Giovanni"]
[Black "Grassetto, Gilberto"]
[Result "1-0"]
[WhiteElo "2009"]
[BlackElo "1760"]
[PlyCount "107"]
[EventDate "2006.04.21"]

1. d4 d5 2. Nf3 Nf6 3. e3 e6 4. c4 c6 5. Nc3 Nbd7 6. a3 Bd6 7. Be2 O-O 8. c5
Bc7 9. b4 e5 10. dxe5 Nxe5 11. Bb2 Qe7 12. O-O Nfg4 13. h3 h5 14. Qd2 Qf6 15.
Nxe5 Nxe5 16. f4 Nc4 17. Bxc4 dxc4 18. Nd5 Qd8 19. Qd4 f6 20. Nxc7 Qxc7 21.
Qxc4+ Kh8 22. e4 Bg4 23. e5 fxe5 24. Bxe5 Qd7 25. Bd6 Rf7 26. Rfe1 Re8 27. Qc3
Be6 28. Re5 Bd5 29. Rxh5+ Kg8 30. Re1 Rxe1+ 31. Qxe1 Rf5 32. Rh4 b6 33. Qe7
Qxe7 34. Bxe7 Bf7 35. Bd6 Rd5 36. Kf2 Rd3 37. f5 Rxa3 38. g3 b5 39. Rf4 a5 40.
bxa5 Rxa5 41. g4 Ra3 42. h4 Rb3 43. Rf3 Rb2+ 44. Kg3 b4 45. Rf2 Rb1 46. Kf4 b3
47. g5 Rh1 48. Kg3 Bd5 49. Re2 Rg1+ 50. Kh3 Rh1+ 51. Kg4 Rg1+ 52. Kf4 Rh1 53.
Re8+ Kf7 54. Rf8# 1-0

[Event "II Open A Primavera"]
[Site "Como ITA"]
[Date "2006.05.12"]
[Round "4"]
[White "Raineri, Pieroberto"]
[Black "Corti, Filippo"]
[Result "1-0"]
[WhiteElo "1583"]
[BlackElo "1637"]
[PlyCount "67"]
[EventDate "2006.04.21"]

1. Nf3 Nf6 2. c4 g6 3. Nc3 Bg7 4. e4 d6 5. d4 O-O 6. Be2 Nbd7 7. O-O e5 8. Be3
Re8 9. d5 Rf8 10. b4 a5 11. a3 Nh5 12. Re1 Nf4 13. Bf1 f5 14. Nd2 fxe4 15.
Ndxe4 Nf6 16. f3 Nxe4 17. Nxe4 Bf5 18. Bf2 Bxe4 19. Rxe4 b6 20. c5 axb4 21.
axb4 Rxa1 22. Qxa1 bxc5 23. bxc5 Nxd5 24. cxd6 Qxd6 25. Bc4 Kh8 26. Qa5 Nb6 27.
Bc5 Nxc4 28. Qb4 Qa6 29. Bxf8 Qa1+ 30. Re1 Qd4+ 31. Kh1 Bf6 32. Bh6 c5 33. Qb5
Qd8 34. Qxc4 1-0

[Event "II Open A Primavera"]
[Site "Como ITA"]
[Date "2006.05.12"]
[Round "4"]
[White "Rossi, Silio"]
[Black "Luppi, Dario"]
[Result "0-1"]
[WhiteElo "1592"]
[BlackElo "1733"]
[PlyCount "64"]
[EventDate "2006.04.21"]

1. b3 e5 2. Bb2 Nc6 3. e3 Nf6 4. Bb5 Bd6 5. Nf3 e4 6. Bxc6 dxc6 7. Nd4 a6 8. h3
O-O 9. c4 c5 10. Nc2 Bf5 11. Nc3 c6 12. Na3 Nd7 13. Qc2 Re8 14. f4 Qh4+ 15. Kf1
Nf6 16. Qd1 Rad8 17. Qe1 Qh6 18. Ne2 Bg6 19. Bxf6 gxf6 20. Qg3 Kh8 21. Qf2 f5
22. Ng3 Bc7 23. h4 Qg7 24. Nc2 Qb2 25. h5 Qxc2 26. hxg6 fxg6 27. Kg1 Rxd2 28.
Qe1 Red8 29. Kh2 Rf2 30. Qg1 Rdd2 31. Kh3 Rxg2 32. Qd1 Rh2+ 0-1

[Event "II Open A Primavera"]
[Site "Como ITA"]
[Date "2006.05.12"]
[Round "4"]
[White "Trifoni, Giorgio"]
[Black "Cervini, Gian Piero"]
[Result "1-0"]
[WhiteElo "1673"]
[BlackElo "1831"]
[PlyCount "127"]
[EventDate "2006.04.21"]

1. Nf3 Nf6 2. b4 g6 3. Bb2 Bg7 4. c4 d6 5. d4 O-O 6. e3 e5 7. Be2 exd4 8. Bxd4
Nc6 9. Bc3 Be6 10. O-O a6 11. a4 a5 12. b5 Nb4 13. Nd4 Bd7 14. Na3 Ne4 15. Bb2
c5 16. bxc6 bxc6 17. Rb1 Qb6 18. Bf3 Ng5 19. Be2 Rfd8 20. h4 Ne6 21. Nxe6 Bxe6
22. Bxg7 Kxg7 23. Nc2 Qc5 24. Qd4+ Qxd4 25. Nxd4 d5 26. cxd5 Bxd5 27. Rfc1 Rac8
28. Rc5 Be4 29. Rb3 Rd5 30. Rbc3 Rxc5 31. Rxc5 Kf6 32. g4 Ke7 33. Re5+ Kd6 34.
Rxe4 Rc7 35. Nb3 Nd5 36. Rc4 Nb6 37. Rd4+ Ke5 38. f4+ Ke6 39. Nxa5 c5 40. Re4+
Kd5 41. Bf3 Kd6 42. Nc4+ Nxc4 43. Rxc4 Re7 44. e4 f6 45. Kf2 Re8 46. Be2 Kc6
47. Kf3 Kd6 48. a5 Kc6 49. Ra4 Rc8 50. a6 Kb6 51. Bc4 Ka7 52. e5 fxe5 53. fxe5
Rf8+ 54. Ke4 Rf2 55. Kd5 h5 56. gxh5 gxh5 57. Kxc5 Rf4 58. Bb5 Rf7 59. e6 Rf5+
60. Kc6 Rf8 61. e7 Re8 62. Kd6 Rb8 63. Be2 Rd8+ 64. Ke6 1-0

[Event "II Open A Primavera"]
[Site "Como ITA"]
[Date "2006.05.19"]
[Round "5"]
[White "Boffi, Luigi"]
[Black "Cervini, Gian Piero"]
[Result "0-1"]
[WhiteElo "1623"]
[BlackElo "1831"]
[PlyCount "96"]
[EventDate "2006.04.21"]

1. Nf3 Nf6 2. d4 g6 3. c4 Bg7 4. Nc3 d6 5. e4 O-O 6. h3 Nbd7 7. Bf4 Nh5 8. Be3
c6 9. Be2 e5 10. O-O Nf4 11. Qd2 Ne6 12. Rad1 f5 13. Bh6 f4 14. Bxg7 Kxg7 15.
dxe5 dxe5 16. Qd6 Qf6 17. Nh2 Nd4 18. Qxf6+ Nxf6 19. f3 h5 20. Rd2 Be6 21. b3
Rfd8 22. Rfd1 Rd7 23. Kf2 Rad8 24. Na4 b6 25. Nc3 Ne8 26. Bf1 Nc7 27. Ne2 Na6
28. Nxd4 Rxd4 29. Rxd4 Rxd4 30. Rxd4 exd4 31. Bd3 Nb4 32. Bb1 c5 33. Nf1 a5 34.
a3 Nc6 35. Nd2 Kf6 36. Kg1 Kg5 37. Kh2 Kh4 38. Bd3 Ne5 39. Bf1 Bd7 40. Be2 a4
41. Bd1 axb3 42. Bxb3 b5 43. cxb5 Bxb5 44. a4 Ba6 45. Bd5 c4 46. Kg1 c3 47. Nb3
c2 48. Kf2 Nd3+ 0-1